Plant regeneration from anther culture of rubber tree (Hevea brasiliensis) (Record no. 48886)

MARC details
000 -LEADER
fixed length control field 00508nam a2200157Ia 4500
100 ## - MAIN ENTRY--AUTHOR NAME
Personal name Asokan M.P.
245 #0 - TITLE STATEMENT
Title Plant regeneration from anther culture of rubber tree (Hevea brasiliensis)
260 ## - PUBLICATION, DISTRIBUTION, ETC. (IMPRINT)
Name of publisher International Natural Rubber Conference, 5-8 February 1992, Bangalore, India, pp.51
Year of publication 1992
650 ## - SUBJECT ADDED ENTRY--TOPICAL TERM
Topical Term Anther culture
650 ## - SUBJECT ADDED ENTRY--TOPICAL TERM
Topical Term Plant regeneration
700 ## - ADDED ENTRY--PERSONAL NAME
Personal name Jayasree P.K.
700 ## - ADDED ENTRY--PERSONAL NAME
Personal name Sobhana P.
700 ## - ADDED ENTRY--PERSONAL NAME
Personal name Sushamakumari S.
942 ## - ADDED ENTRY ELEMENTS (KOHA)
Koha item type Bibliography STAF
Holdings
Withdrawn status Lost status Damaged status Not for loan Home library Current library Shelving location Date acquired Koha item type
      Bibliography RRII Library RRII Library Biotechnology 09/04/2014 Bibliography STAF